A Szállodai felújítások és annak hatása a vendégélményre

Bibliographic Details
Main Author: Tóth Fanni
Other Authors: Schultz Dr. Éva
Format: Project work
Kulcsszavak:Fenntarthatóság a szállodaiparban
Karbantartás és kockázatkezelés
Szállodai felújítások
Szállodai marketing és értékesítés
vendégélmény
Online Access:http://dolgozattar.uni-bge.hu/60305

MARC

LEADER 00000nnm a2200000 i 4500
001 dolg60305
005 20260409150300.0
008 260409suuuu hu o 000 hun d
040 |a BGE Dolgozattár Repozitórium  |b hun 
041 |a hu 
100 1 |a Tóth Fanni 
245 1 2 |a A Szállodai felújítások és annak hatása a vendégélményre  |c Tóth Fanni  |h [elektronikus dokumentum] 
516 |a Project_work 
520 3 |a A szakdolgozat célja, hogy bemutassa a szállodákban végzett felújítások típusait, valamint ezek szerepét a hatékony működés és a vendégelégedettség fenntartásában. Külön figyelmet kapnak a fenntarthatósági szempontok, illetve az, hogyan illeszkednek a modern környezettudatos elvárásokhoz. A dolgozat tárgyalja továbbá a kockázatkezelés és a vészhelyzeti protokollok fontosságát, amelyek nélkülözhetetlenek egy biztonságos és jól működő szálloda fenntartásához. Az elméleti alapokat gyakorlati példák és saját tapasztalatok egészítik ki, ezzel is közelebb hozva a témát a valósághoz. 
695 |a Fenntarthatóság a szállodaiparban 
695 |a Karbantartás és kockázatkezelés 
695 |a Szállodai felújítások 
695 |a Szállodai marketing és értékesítés 
695 |a vendégélmény 
700 1 |a Schultz Dr. Éva  |e ths 
856 4 0 |u http://dolgozattar.uni-bge.hu/60305/1/T%C3%B3th%20Fanni%20szakdolgozat%20%281%29.pdf  |z Dokumentum-elérés 
856 4 0 |u http://dolgozattar.uni-bge.hu/60305/2/T%C3%B3th%20Fanni_FOSZK_b%C3%ADr%C3%A1lat_Schultz%20%C3%89va.pdf  |z Dokumentum-elérés